| 000 | 01264nam a2200229Ia 4500 | ||
|---|---|---|---|
| 003 | Ost | ||
| 005 | 20260507075256.0 | ||
| 008 | 260507s9999||||xx |||||||||||||| ||und|| | ||
| 020 | _a702342897 | ||
| 040 | _cfsecg | ||
| 041 | _aara | ||
| 082 | _a330 | ||
| 100 |
_aالصيرفي، محمد _eمؤلف |
||
| 245 | 0 |
_aالحاسوب و الاحصاء الاجتماعي / _c محمد الصيرفي |
|
| 260 |
_aالاسكندرية: _bدار الوفاء, _c2007 |
||
| 300 |
_a720 صفحة؛ _bإيضاحات ؛ _c25 سم |
||
| 520 | _aالاحصاء الاجتماعي ، جمع البيانات و تنظيمها و عرضها ، الاحتمالات ، مقاييس النزعة المركزية و مقاييس التشتت و الالتواء و التفلطح ، الارتباطك البسيط ، تحليل الانحدار البسيط ، الانحدار المتعدد و الارتباط المتعدد ، اختبارات القروض و تحليل التباين ، السلاسل الزمنية و الارقام القياسية ، الاحصاءات الحيوية مع وجود تمارين متنوعة. | ||
| 653 | _aالاحصاء | ||
| 653 | _aالاحصاءات الاجتماعية | ||
| 653 | _aالحاسوب | ||
| 942 | _cكتاب | ||
| 999 |
_c43747 _d43747 |
||